000 00737nam a2200229Ia 4500
003 GCL
008 140319s9999 xx 000 0 ara d
040 _aGCL /
_cGCL
082 0 4 _a327.11
_bا ف
100 1 _aابراهيم نافع عوض الله
245 1 0 _aالفتنة الكبرى عاصفة الخليج /
_cابراهيم نافع عوض الله
250 _aالثانية
260 _aالقاهرة :
_bمركز الاهرام للترجمة والنشر ،
_c1992
300 _a333 ص ؛
_c24 سم
490 _a
650 0 4 _aالكويت
650 0 4 _aالعالم العربى
650 0 4 _aالاحوال السياسية
650 0 4 _aالعراق
650 0 4 _aحرب الخليج
942 _2ddc
_cBK
999 _c31267
_d31267